000 02134nas a2200277Ia 4500
001 R050-S1234
003 IT-CnALBA
008 170116c99999999xx |||||||||||| ||und||
040 _aIT-CnALBA
_cIT-CnALBA
041 _aITALIANO
100 _aRICHER BENIAMINO
210 _aLA CIVILTÀ CATTOLICA
222 _aLA CIVILTÀ CATTOLICA
245 0 _aLA CIVILTÀ CATTOLICA. ANNO III. VOL IX. 1852.
_bRIVISTA CULTURALE
250 _a1a ed.
260 _a ROMA
_bLA CIVILTÀ CATTOLICA EDIZIONI
_c1852 [1° Ed.:1852 - Ed.Ling.Originale: 1852]
300 _a720 p.
310 _aQUINDICINALE
362 _aFascicolo: 9 / Anno: 3 (1852)
500 _aPERICOLI DI FIDUCIA. LE SOCIETÀ SEGRETE. LIONELLO. SONNAMBULISMO NEGROMANTICO. LA FORZA ARMATA NELLE COSTITUZIONI MODERNE. LA MILIZIA CITTADINA. CRITICA RINNOVAMENTO CIVILE D'ITALIA. IL PIEMONTE PRIMA DEL QUARANTOTTO. PROVINCE CON LO STATUTO E SOTTO L'ASSOLUTISMO. S. LUIGI E LA FRANCIA. IN EGITTO. IL MATRIMONIO CONTRATTO CIVILE. CONSEGUENZE DEL MATRIMONIO CIVILE IN UN GOVERNO NON INVASORE. I POTERE GIUDIZIARIO NELLE MODERNE COSTITUZIONI. IL GIAPPONE. RISPOSTA A LETTERA DI GIOVANI LOMBARDI. LA LIBERTÀ RELIGIOSA IN PIEMONTE. IL DENUNCIATOLRE E LA SPIA. RIVISTA STAMPA ITALIANA. CRONACHE. SVIZZARE. INGHILTERRA. GERMANIA. FRANCIA.
501 _aSocietà San Paolo EM - Piazza San Paolo, 14 - 12051 ALBA (CN) (non commercial uses only) ® Copyright 2017
520 _aPERICOLI DI FIDUCIA. LE SOCIETÀ SEGRETE. LIONELLO. SONNAMBULISMO NEGROMANTICO. LA FORZA ARMATA NELLE COSTITUZIONI MODERNE. LA MILIZIA CITTADINA. CRITICA RINNOVAMENTO CIVILE D'ITALIA. IL PIEMONTE PRIMA DEL QUARANTOTTO. PROVINCE CON LO STATUTO E SOTTO L'ASSOLUTISMO. S. LUIGI E LA FRANCIA. IN EGITTO. IL MATRIMONIO CONTRATTO CIVILE. CONSEGUENZE DEL MATRIMONIO CIVILE IN UN GOVERNO NON INVASORE. I POTERE GIUDIZIARIO NELLE MODERNE COSTITUZIONI. IL GIAPPONE. RISPOSTA A LETTERA DI GIOVANI LOMBARDI. LA LIBERTÀ RELIGIOSA IN PIEMONTE. IL DENUNCIATOLRE E LA SPIA. RIVISTA STAMPA ITALIANA. CRONACHE. SVIZZARE. INGHILTERRA. GERMANIA. FRANCIA.
650 _aRIVISTA CULTURALE
942 _cCR
957 _71
999 _a62800
_bSI
_g1
_c329826
_d329826